Central Library OPAC University of Rajshahi

الكشاف عن حقائق التنزيل وعيون الأقاويل في وجوه التأويل /[al-Kashshāf ʿan ḥaqāʼiq ghawāmiḍ al-tanzīl wa-ʿuyūn al-aqāwīl fī wujūh al-taʼwīl] / (Record no. 79731)

MARC details
000 -LEADER
fixed length control field 01382cam a2200289 a 4500
001 - CONTROL NUMBER
control field 79731
003 - CONTROL NUMBER IDENTIFIER
rucl marc code BD-RjUL
005 - DATE AND TIME OF LATEST TRANSACTION
control field 20220419140206.0
008 - FIXED-LENGTH DATA ELEMENTS--GENERAL INFORMATION
fixed length control field 990226s1998 su b 001 0 ara d
035 ## - SYSTEM CONTROL NUMBER
System control number (BD-RjUL)79731
040 ## - CATALOGING SOURCE
Original cataloging agency MH
Transcribing agency MH
Modifying agency CStRLIN
-- DLC-R
Language of cataloging eng
041 ## - LANGUAGE CODE
Language code of text/sound track or separate title ara
082 ## - DEWEY DECIMAL CLASSIFICATION NUMBER
Edition number 23
Classification number 297.125
Author mark and year ZAK 1998
100 1# - MAIN ENTRY--PERSONAL NAME
Personal name Zamakhsharī, Maḥmūd ibn ʿUmar,الزمخشري، محمود بن عمر،
Dates associated with a name 1075-1144.
9 (RLIN) 2581
245 13 - TITLE STATEMENT
Title الكشاف عن حقائق التنزيل وعيون الأقاويل في وجوه التأويل /[al-Kashshāf ʿan ḥaqāʼiq ghawāmiḍ al-tanzīl wa-ʿuyūn al-aqāwīl fī wujūh al-taʼwīl] /
Statement of responsibility, etc. أبو القاسم جار الله محمود بن عمر الزمخشري الخوارزمي.[li-Jār Allāh Abī al-Qāsim Maḥmūd ibn ʿUmar al-Zamakhsharī ; taḥqīq wa-taʿlīq wa-dirāsat ʿĀdil AḥmadʿAbd al-Mawjūd, ʿAlī Muḥammad Muʿawwaḍ.]
246 18 - VARYING FORM OF TITLE
Title proper/short title Kashshāf
250 ## - EDITION STATEMENT
Edition statement al-Ṭabʿah 2
260 ## - PUBLICATION, DISTRIBUTION, ETC. (IMPRINT)
Place of publication, distribution, etc. al-Riyāḍ :
Name of publisher, distributor, etc. Maktabat al-ʿUbaykān,
Date of publication, distribution, etc. 1998.
300 ## - PHYSICAL DESCRIPTION
Pagination 6 v. ;
Size 25 cm.
504 ## - BIBLIOGRAPHY, ETC. NOTE
Bibliography, etc Includes bibliographical references and indexes.
650 ## - SUBJECT ADDED ENTRY--TOPICAL TERM
Topical term or geographic name as entry element القرآن الكريم
Form subdivision تفسير
9 (RLIN) 2582
700 1# - ADDED ENTRY--PERSONAL NAME
Personal name ʿAbd al-Mawjūd, ʿĀdil Aḥmad.
Personal name Muʿawwaḍ, ʿAlī Muḥammad.
880 04 - ALTERNATE GRAPHIC REPRESENTATION
Linkage 630-05/(3/r
a قرٱن.
942 ## - ADDED ENTRY ELEMENTS (KOHA)
Source of classification or shelving scheme Dewey Decimal Classification
Koha item type Books
Holdings
Lost status Source of classification or shelving scheme Damaged status Not for loan Collection code Permanent Location Current Location Shelving location Date acquired Full call number Date last seen Copy number Koha item type Total Checkouts
  Dewey Decimal Classification   Not For Loan Non-fiction Central Library, University of Rajshahi Central Library, University of Rajshahi Reading Room 19/04/2022 A 297.125 ZAK V-1 1998 19/04/2022 C-1 Books  
  Dewey Decimal Classification   Not For Loan Non-fiction Central Library, University of Rajshahi Central Library, University of Rajshahi Reading Room 19/12/2022 A 297.125 ZAK V-2 1925 19/12/2022 C-1 Books